000 01478nam a2200301 a 4500
001
003 DO-SdBNP
005 20240524101851.0
007 000008388
008 090916s2005 dr 000 j spa d
020 _a9993442402
040 _aBPMSU
_bspa
_cBPMSU
082 0 4 _aRD863.44
_bC965c 2005
_222
245 0 3 _aEl cuento contemporáneo de Santiago (1980-2005) /
_cselección y prólogo Máximo Vega ; coordinador de publicaciones Dulis González ; editor José M. Fernández Pequeño.
260 _aSanto Domingo :
_bDirección General de la Feria del Libro,
_c2005.
300 _a91 p. ;
_c23 cm.
490 1 _aEdiciones Ferilibro ;
_v75
505 0 _8
_a Presentación/ Alejandro Arvelo -- Prólogo/ Máximo Vega -- Manuel Llibre Otero/ Inexistencia -- Luis R. Santos/ Tiene que matar al perro -- Rosa Silverio/ Mi amante -- Pedro Pablo Marte/ Chanzas -- Rafael P. Rodríguez/ Remigio Cárdenas -- Rosa Julia Vargas/ Final Final -- Luis Córdova/ No le temas a la noche -- José D' Laura/ Weeks -- Altagracia Pérez/ La pasión de Mallías González -- José Acosta/ El efecto dominó.
650 4 _aCuentos dominicanos
_vColecciones
650 4 _aLiteratura dominicana
700 1 _aVega, Máximo,
_epról.
700 1 2 _aFernández Pequeño, José M.,
_eed.
830 0 _aEdiciones Ferilibro ;
_n75
910 _aVMateo V./Validado. Control de calidad MFF
942 _2ddc
_cBK
945 _aInventariado / 2017 VM
956 _aVMATEO
_b10
_c20150409
_lBPMSU
_h00151
999 _c7595
_d7595